000 00739nam a2200241 4500
001 73595
003 BD-RjUL
005 20211209082421.0
008 170604s1954 n a 001 0 eng d
035 _a(BD-RjUL)73813
040 _aCSU
_cCSU
_dUKM
_dBD-RjUL
_dEQO
_beng
041 _aeng
082 _a651.3741
_223
_bPLR 1954
100 1 _aPlace, Irene,
_d1912-2010.
_9217787
245 1 4 _aThe road to secretarial success /
_cIrene Place and Madeline S. Strony
260 _aNew York :
_bMcGraw-Hill,
_c1954
300 _a371p. :
_bill. ;
_c21cm.
504 _aIncludes bibliography and Indexes
650 0 _aPrivate secretaries.
_9217788
650 0 _aOffice practice
_9217789
700 1 _aStrony, Madeline S.
_9217790
942 _2ddc
_cBK
999 _c73595
_d73595